[Event "Novokuznetsk Kustov op"]
[Site "Novokuznetsk"]
[Date "2014.10.26"]
[Round "9"]
[White "Popov, Yury"]
[Black "Leonov, Aleksandr"]
[Result "1-0"]
[WhiteElo "2024"]
[BlackElo "2123"]
[PlyCount "71"]
[EventDate "2014.09.28"]
[EventType "swiss"]
[EventRounds "9"]
[EventCountry "RUS"]
[SourceTitle "EXT 2018"]
[Source "ChessBase"]
[SourceDate "2017.10.13"]
[SourceVersion "1"]
[SourceVersionDate "2017.10.13"]
[SourceQuality "1"]

1. d4 d5 2. Bf4 Nf6 3. e3 Bf5 4. c4 c6 5. Nc3 e6 6. h3 Bd6 7. Bxd6 Qxd6 8. Qb3 Qe7 9. Nf3 0-0 10. Be2 Qc7 11. Rc1 Qb6 12. Qxb6 axb6 13. a3 Nbd7 14. Nh4 Bg6 15. Nxg6 hxg6 16. cxd5 exd5 17. 0-0 b5 18. Bd3 Nb6 19. Rfe1 Rfe8 20. Re2 Nc4 21. g3 Re7 22. Kg2 Rae8 23. g4 g5 24. Rcc2 g6 25. Rc1 Kg7 26. Rcc2 Ra8 27. Rc1 Rae8 28. a4 bxa4 29. Nxa4 b5 30. Nc5 Nd7 31. Nxd7 Rxd7 32. b3 Na5 33. Ra2 Nb7 34. Rxc6 Rd6 35. Bxb5 Rb8 36. Raa6 1-0

[Event "Novokuznetsk Kustov op"]
[Site "Novokuznetsk"]
[Date "2014.10.19"]
[Round "7"]
[White "Leonov, Aleksandr"]
[Black "Bogachev, Alexandr"]
[Result "0-1"]
[WhiteElo "2123"]
[BlackElo "2040"]
[PlyCount "66"]
[EventDate "2014.09.28"]
[EventType "swiss"]
[EventRounds "9"]
[EventCountry "RUS"]
[SourceTitle "EXT 2018"]
[Source "ChessBase"]
[SourceDate "2017.10.13"]
[SourceVersion "1"]
[SourceVersionDate "2017.10.13"]
[SourceQuality "1"]

1. e4 c6 2. f4 d5 3. exd5 cxd5 4. d4 Nf6 5. Nf3 Bg4 6. Be2 Bxf3 7. Bxf3 e6 8. 0-0 Nc6 9. c3 Rc8 10. Nd2 Bd6 11. g3 h5 12. h4 Qc7 13. Bg2 g6 14. Nf3 Ne4 15. Qe1 f6 16. Nd2 f5 17. Nf3 Be7 18. Ne5 Nxe5 19. fxe5 Qb6 20. Bxe4 dxe4 21. Qe2 a6 22. Be3 Qd8 23. Kg2 g5 24. hxg5 Bxg5 25. Rad1 h4 26. Rh1 Rc7 27. gxh4 Bxe3 28. Qxe3 Rg7+ 29. Kf2 Rg4 30. h5 Qd5 31. Rdg1 f4 32. Rxg4 fxe3+ 33. Kxe3 Rf8 0-1

[Event "CP-2014-P-00030"]
[Site "LSS email"]
[Date "2014.09.30"]
[Round "?"]
[White "Leonov, Aleksandr"]
[Black "Dard, Michel"]
[Result "0-1"]
[WhiteElo "1057"]
[BlackElo "2261"]
[PlyCount "66"]
[EventDate "2014.10.01"]
[EventType "tourn (corr)"]
[EventRounds "6"]
[EventCountry "GER"]
[SourceTitle "Corr 2022"]
[Source "ChessBase"]
[SourceDate "2021.10.24"]
[SourceVersion "1"]
[SourceVersionDate "2021.10.24"]
[SourceQuality "1"]

1. e4 e5 2. Nf3 Nc6 3. Bc4 Bc5 4. 0-0 Nf6 5. d3 0-0 6. Bg5 d6 7. Nc3 h6 8. Bh4 Bg4 9. h3 Bxf3 10. Qxf3 Nd4 11. Qd1 a5 12. Ne2 Ne6 13. Kh1 g5 14. Bg3 a4 15. Bxe6 fxe6 16. f3 Nh5 17. Bf2 Bxf2 18. Rxf2 d5 19. Qd2 dxe4 20. Raf1 exd3 21. cxd3 c6 22. Qe3 Qd5 23. g4 Nf4 24. Nxf4 exf4 25. Qe4 Qxe4 26. fxe4 Rfd8 27. Rd2 Rd4 28. Rc1 Rad8 29. Rc3 Rxe4 30. dxe4 Rxd2 31. Ra3 b5 32. b3 Rd3 33. Kg2 c5 0-1

[Event "CP-2014-P-00030"]
[Site "LSS email"]
[Date "2014.09.30"]
[Round "?"]
[White "Seiler, Peter"]
[Black "Leonov, Aleksandr"]
[Result "1-0"]
[WhiteElo "1906"]
[BlackElo "1057"]
[PlyCount "29"]
[EventDate "2014.10.01"]
[EventType "tourn (corr)"]
[EventRounds "6"]
[EventCountry "GER"]
[SourceTitle "Corr 2022"]
[Source "ChessBase"]
[SourceDate "2021.10.24"]
[SourceVersion "1"]
[SourceVersionDate "2021.10.24"]
[SourceQuality "1"]

1. d4 d5 2. Nf3 Bf5 3. c4 e6 4. Qb3 b6 5. Nc3 Nf6 6. Bg5 Be7 7. Bxf6 Bxf6 8. cxd5 0-0 9. e4 Bg6 10. e5 Be7 11. dxe6 fxe6 12. Qxe6+ Bf7 13. Qh3 c5 14. Bd3 cxd4 15. Qxh7# 1-0

[Event "LSS No Engine Cup 117 Preliminary 0"]
[Site "LSS email"]
[Date "2014.09.04"]
[Round "?"]
[White "Leonov, Aleksandr"]
[Black "Garcia, Javier"]
[Result "1-0"]
[WhiteElo "1316"]
[BlackElo "1036"]
[PlyCount "59"]
[EventDate "2014.09.05"]
[EventType "tourn (corr)"]
[EventRounds "6"]
[EventCountry "GER"]
[SourceTitle "Corr 2022"]
[Source "ChessBase"]
[SourceDate "2021.10.24"]
[SourceVersion "1"]
[SourceVersionDate "2021.10.24"]
[SourceQuality "1"]

1. e4 c5 2. Nf3 d6 3. Nc3 Nf6 4. Bb5+ Bd7 5. Bxd7+ Nbxd7 6. d3 g6 7. 0-0 Bg7 8. Qe2 0-0 9. Bd2 Qb6 10. Rab1 Ne8 11. Be3 Ne5 12. Na4 Qc7 13. Nc3 Nxf3+ 14. Qxf3 b6 15. Nd5 Qb7 16. Qh3 Nf6 17. Nxf6+ Bxf6 18. f4 Rac8 19. f5 c4 20. fxg6 fxg6 21. Qe6+ Kg7 22. Rf3 cxd3 23. c3 Rc4 24. e5 dxe5 25. Qxc4 Rd8 26. Rh3 d2 27. Bh6+ Kh8 28. Rd1 Qd5 29. Qxd5 Rxd5 30. Rxd2 1-0

[Event "LSS No Engine Cup 117 Preliminary 0"]
[Site "LSS email"]
[Date "2014.09.04"]
[Round "?"]
[White "Leonov, Aleksandr"]
[Black "Korinek, Jaroslav"]
[Result "0-1"]
[WhiteElo "1316"]
[BlackElo "1965"]
[PlyCount "68"]
[EventDate "2014.09.05"]
[EventType "tourn (corr)"]
[EventRounds "6"]
[EventCountry "GER"]
[SourceTitle "Corr 2022"]
[Source "ChessBase"]
[SourceDate "2021.10.24"]
[SourceVersion "1"]
[SourceVersionDate "2021.10.24"]
[SourceQuality "1"]

1. e4 e5 2. Nf3 Nc6 3. Nc3 Nf6 4. Bc4 Bc5 5. a3 0-0 6. 0-0 d6 7. d3 Nd4 8. Nxd4 Bxd4 9. Be3 Bxe3 10. fxe3 c6 11. d4 Bg4 12. Be2 Bxe2 13. Qxe2 Re8 14. Rae1 Rc8 15. Qf2 Qb6 16. b3 Qa5 17. Nb1 d5 18. exd5 cxd5 19. c3 Qb6 20. b4 Qc7 21. Rc1 Ne4 22. Qe1 f6 23. Rc2 Nd6 24. dxe5 Rxe5 25. Qg3 Nf5 26. Rxf5 Rxf5 27. Qxc7 Rxc7 28. Nd2 Re5 29. Kf2 Re6 30. Kf3 Rce7 31. Nf1 Ra6 32. Ra2 Rc7 33. b5 Ra4 34. b6 Rxc3 0-1

[Event "BI-2013-F-0021"]
[Site "LSS email"]
[Date "2014.02.21"]
[Round "?"]
[White "Leonov, Aleksandr"]
[Black "Stadler, Pavel"]
[Result "0-1"]
[WhiteElo "1014"]
[BlackElo "1304"]
[PlyCount "80"]
[EventDate "2014.02.27"]
[EventType "tourn (corr)"]
[EventRounds "10"]
[EventCountry "GER"]
[SourceTitle "Corr 2015"]
[Source "ChessBase"]
[SourceDate "2015.07.17"]
[SourceVersion "1"]
[SourceVersionDate "2015.07.17"]
[SourceQuality "1"]

1. e4 c5 2. Bc4 Nc6 3. Nf3 d6 4. a3 Nf6 5. Nc3 e6 6. 0-0 a6 7. d3 Be7 8. Rb1 b5 9. Ba2 0-0 10. b4 Bb7 11. Be3 Rc8 12. Ne2 Ng4 13. Bd2 d5 14. exd5 exd5 15. h3 Nf6 16. Nf4 c4 17. dxc4 dxc4 18. c3 Qc7 19. a4 Bd6 20. Ne2 Rcd8 21. axb5 axb5 22. Rb2 Ne5 23. Nxe5 Bxe5 24. f4 Bd6 25. Nd4 Qb6 26. Bb1 Ne4 27. Bxe4 Bxe4 28. Be3 Qb7 29. Qg4 f5 30. Qe2 Rfe8 31. Rf2 Ra8 32. Ra2 Bd3 33. Qd2 Rxa2 34. Qxa2 Rxe3 35. Kh2 Be4 36. Qd2 Rd3 37. Qe1 Bxb4 38. cxb4 Rxd4 39. Re2 Qc7 40. Qf2 Qd6 0-1

[Event "LSS No Engine Cup 103 Preliminary 0"]
[Site "LSS email"]
[Date "2014.01.21"]
[Round "?"]
[White "Leonov, Aleksandr"]
[Black "Molina, Vicente Andres"]
[Result "1/2-1/2"]
[WhiteElo "1317"]
[BlackElo "1049"]
[PlyCount "110"]
[EventDate "2014.01.22"]
[EventType "tourn (corr)"]
[EventRounds "6"]
[EventCountry "GER"]
[SourceTitle "Corr 2022"]
[Source "ChessBase"]
[SourceDate "2021.10.24"]
[SourceVersion "1"]
[SourceVersionDate "2021.10.24"]
[SourceQuality "1"]

1. e4 c5 2. Bc4 e6 3. Nc3 d6 4. Nf3 Nc6 5. d3 g6 6. Be3 Bg7 7. 0-0 Nge7 8. Qd2 0-0 9. Bh6 Nd4 10. Bxg7 Kxg7 11. Ng5 h6 12. Nh3 f5 13. exf5 exf5 14. Nf4 d5 15. Ncxd5 Nxd5 16. Bxd5 a5 17. Rfe1 Re8 18. c3 Nc6 19. Rxe8 Qxe8 20. Re1 Qd8 21. Bxc6 bxc6 22. Ne6+ Bxe6 23. Rxe6 Qd5 24. Qe3 Ra7 25. Qe5+ Qxe5 26. Rxe5 Rb7 27. b3 a4 28. Rxc5 axb3 29. axb3 Rxb3 30. g3 Rb6 31. d4 Kf6 32. c4 Ke6 33. Re5+ Kf6 34. f4 g5 35. d5 cxd5 36. Rxd5 Rc6 37. fxg5+ hxg5 38. Rd4 Ke5 39. Rd5+ Ke4 40. Rd8 Rxc4 41. Rd2 Ke3 42. Rf2 Rc1+ 43. Kg2 f4 44. Rf3+ Ke4 45. gxf4 gxf4 46. h4 Rc2+ 47. Rf2 Rc3 48. h5 Kf5 49. Rf3 Rc8 50. h6 Kg5 51. h7 Rh8 52. Rh3 Kg4 53. Rh1 f3+ 54. Kf2 Kg5 55. Kxf3 Kg6 1/2-1/2

[Event "LSS No Engine Cup 103 Preliminary 0"]
[Site "LSS email"]
[Date "2014.01.21"]
[Round "?"]
[White "Plotnikov, Vladimir Anatolievi"]
[Black "Leonov, Aleksandr"]
[Result "1-0"]
[WhiteElo "1342"]
[BlackElo "1317"]
[PlyCount "97"]
[EventDate "2014.01.22"]
[EventType "tourn (corr)"]
[EventRounds "6"]
[EventCountry "GER"]
[SourceTitle "Corr 2022"]
[Source "ChessBase"]
[SourceDate "2021.10.24"]
[SourceVersion "1"]
[SourceVersionDate "2021.10.24"]
[SourceQuality "1"]

1. e4 c6 2. d4 d5 3. e5 Bf5 4. c3 e6 5. Be3 f6 6. Qb3 Qc7 7. h3 Nd7 8. exf6 Ngxf6 9. Nd2 Be7 10. Ngf3 h6 11. g3 Ne4 12. Bf4 Qb6 13. Qxb6 Nxb6 14. g4 Bh7 15. Bg2 0-0 16. Be3 Nxd2 17. Bxd2 Nc4 18. b3 Nxd2 19. Nxd2 Rf7 20. 0-0 Raf8 21. f3 Bh4 22. Rfd1 Bd3 23. Bf1 Bxf1 24. Rxf1 Bg5 25. f4 Bxf4 26. Nf3 Be3+ 27. Kg2 c5 28. Rae1 cxd4 29. cxd4 Bg5 30. Rxe6 Re7 31. Nxg5 Rc7 32. Nf3 Rc2+ 33. Rf2 Rfc8 34. Ree2 Rxe2 35. Rxe2 Kf8 36. Ne5 Rc1 37. Ng6+ Kf7 38. Ne7 Rd1 39. Nxd5 Rxd4 40. Ne3 Kf6 41. Kf3 g6 42. Nc4 Rd1 43. Na5 b6 44. Nc6 a5 45. a4 Rd3+ 46. Re3 Rd1 47. Ke4 Rc1 48. Ne5 Rc5 49. Nd7+ 1-0

[Event "LSS No Engine Cup 96 Preliminary 3"]
[Site "LSS email"]
[Date "2013.10.15"]
[Round "?"]
[White "Winter, Malcolm J"]
[Black "Leonov, Aleksandr"]
[Result "0-1"]
[WhiteElo "1294"]
[BlackElo "995"]
[PlyCount "62"]
[EventDate "2013.10.16"]
[EventType "tourn (corr)"]
[EventRounds "6"]
[EventCountry "GER"]
[SourceTitle "Telechess CBM 167"]
[Source "ChessBase"]
[SourceDate "2015.07.13"]
[SourceVersion "1"]
[SourceVersionDate "2015.07.13"]
[SourceQuality "1"]

1. d4 d5 2. Nf3 Bf5 3. c3 e6 4. Bf4 Bd6 5. Bxd6 Qxd6 6. e3 Nf6 7. Nbd2 Nbd7 8. Be2 0-0 9. Nh4 c5 10. Nxf5 exf5 11. 0-0 cxd4 12. exd4 Ne4 13. Rc1 Ndf6 14. f3 Ng5 15. Bd3 f4 16. Re1 Rae8 17. Qc2 Re3 18. Rxe3 fxe3 19. Nf1 Re8 20. Re1 Nh5 21. Rxe3 Rxe3 22. Nxe3 g6 23. Qa4 Nf4 24. Qe8+ Kg7 25. Bb1 Nfe6 26. Qb5 Qf4 27. Qd3 Qh4 28. Nf1 Nf4 29. Qe3 Nfh3+ 30. gxh3 Nxh3+ 31. Kg2 Nf4+ 0-1

[Event "BI-2013-P-00008"]
[Site "LSS email"]
[Date "2013.04.22"]
[Round "?"]
[White "Leonov, Aleksandr"]
[Black "Boehme, Sebastian"]
[Result "0-1"]
[WhiteElo "1037"]
[BlackElo "2309"]
[PlyCount "42"]
[EventDate "2013.04.25"]
[EventType "tourn (corr)"]
[EventRounds "12"]
[EventCountry "GER"]
[SourceTitle "Telechess CBM 161"]
[Source "ChessBase"]
[SourceDate "2014.07.16"]
[SourceVersion "1"]
[SourceVersionDate "2014.07.16"]
[SourceQuality "1"]

1. e4 c5 2. Bc4 e6 3. Nc3 d6 4. d4 cxd4 5. Qxd4 Nf6 6. Bg5 Be7 7. 0-0-0 a6 8. Nf3 Nc6 9. Qe3 0-0 10. Bxf6 Bxf6 11. Kb1 b5 12. Bb3 Bb7 13. Rd3 Qc7 14. h4 Na5 15. Ne2 Rfc8 16. Rc1 Nc4 17. Bxc4 bxc4 18. Rdd1 Rab8 19. Nfd4 Qb6 20. g3 Bxe4 21. f3 Qxb2# 0-1

[Event "BI-2013-P-00008"]
[Site "LSS email"]
[Date "2013.04.22"]
[Round "?"]
[White "Leonov, Aleksandr"]
[Black "Flores, Luis"]
[Result "0-1"]
[WhiteElo "1037"]
[BlackElo "2133"]
[PlyCount "58"]
[EventDate "2013.04.25"]
[EventType "tourn (corr)"]
[EventRounds "12"]
[EventCountry "GER"]
[SourceTitle "Telechess CBM 161"]
[Source "ChessBase"]
[SourceDate "2014.07.16"]
[SourceVersion "1"]
[SourceVersionDate "2014.07.16"]
[SourceQuality "1"]

1. e4 c5 2. Bc4 e6 3. Nc3 Nc6 4. Nf3 Nf6 5. d3 d5 6. exd5 exd5 7. Bb5 Be7 8. h3 d4 9. Ne4 Qa5+ 10. Bd2 Qxb5 11. Nxf6+ Bxf6 12. b3 0-0 13. 0-0 Re8 14. Ng5 Bxg5 15. Bxg5 c4 16. Bf4 cxd3 17. Qxd3 Qxd3 18. cxd3 Bf5 19. Rfd1 Re2 20. a3 Rae8 21. g4 Bg6 22. h4 h5 23. gxh5 Bxh5 24. Rd2 Rxd2 25. Bxd2 Ne5 26. Kg2 Nxd3 27. a4 Re2 28. Bc1 Rxf2+ 29. Kg3 Rf1 0-1

[Event "BI-2013-P-00008"]
[Site "LSS email"]
[Date "2013.04.22"]
[Round "?"]
[White "Leonov, Aleksandr"]
[Black "Vodicka, Milan"]
[Result "0-1"]
[WhiteElo "1037"]
[BlackElo "1935"]
[PlyCount "38"]
[EventDate "2013.04.25"]
[EventType "tourn (corr)"]
[EventRounds "12"]
[EventCountry "GER"]
[SourceTitle "Corr 2015"]
[Source "ChessBase"]
[SourceDate "2015.07.17"]
[SourceVersion "1"]
[SourceVersionDate "2015.07.17"]
[SourceQuality "1"]

1. e4 e5 2. Nf3 Nc6 3. Bc4 Nf6 4. d3 Bc5 5. 0-0 d6 6. Bg5 Na5 7. Bb5+ c6 8. Ba4 b5 9. Bb3 h6 10. Bxf6 Qxf6 11. c3 Nxb3 12. Qxb3 0-0 13. Na3 Bg4 14. Qd1 Qg6 15. Kh1 f5 16. Qe2 Qh5 17. Nc2 fxe4 18. dxe4 Rxf3 19. Ne1 Rh3 0-1

[Event "LSS No Engine Cup 85 Preliminary 6"]
[Site "LSS email"]
[Date "2013.03.28"]
[Round "?"]
[White "Leonov, Aleksandr"]
[Black "Lacunza, Mario"]
[Result "0-1"]
[WhiteElo "1037"]
[BlackElo "1874"]
[PlyCount "50"]
[EventDate "2013.03.29"]
[EventType "tourn (corr)"]
[EventRounds "6"]
[EventCountry "GER"]
[SourceTitle "Telechess CBM 161"]
[Source "ChessBase"]
[SourceDate "2014.07.16"]
[SourceVersion "1"]
[SourceVersionDate "2014.07.16"]
[SourceQuality "1"]

1. d4 Nf6 2. Nc3 e6 3. e4 Bb4 4. Bg5 c5 5. d5 Bxc3+ 6. bxc3 h6 7. Bxf6 Qxf6 8. Qd3 exd5 9. exd5 0-0 10. Nf3 d6 11. Be2 Bf5 12. Qd2 Nd7 13. 0-0 Nb6 14. c4 Rfe8 15. Bd3 Bg4 16. Be2 Re7 17. Rfe1 Rae8 18. c3 Kf8 19. Kf1 Bxf3 20. Bxf3 Nxc4 21. Qd3 Ne5 22. Qd1 Qf4 23. Qb1 Nxf3 24. Rxe7 Qc4+ 25. Re2 Qxe2# 0-1

[Event "LSS No Engine Cup 85 Preliminary 6"]
[Site "LSS email"]
[Date "2013.03.28"]
[Round "?"]
[White "Leonov, Aleksandr"]
[Black "Miquel Badenes, Jose"]
[Result "1-0"]
[WhiteElo "1037"]
[BlackElo "1235"]
[PlyCount "29"]
[EventDate "2013.03.29"]
[EventType "tourn (corr)"]
[EventRounds "6"]
[EventCountry "GER"]
[SourceTitle "Corr 2015"]
[Source "ChessBase"]
[SourceDate "2015.07.17"]
[SourceVersion "1"]
[SourceVersionDate "2015.07.17"]
[SourceQuality "1"]

1. e4 d6 2. d4 Nf6 3. Nc3 g6 4. Nf3 Bg7 5. Bg5 c6 6. Bxf6 Bxf6 7. e5 dxe5 8. dxe5 Qxd1+ 9. Rxd1 Bg7 10. Bc4 Bg4 11. Be2 Nd7 12. 0-0 Bxf3 13. Bxf3 Nxe5 14. Be2 0-0 15. f4 1-0

[Event "LSS No Engine Cup 83 Preliminary 1"]
[Site "LSS email"]
[Date "2013.02.27"]
[Round "?"]
[White "Leonov, Aleksandr"]
[Black "Tittarelli, Adriano"]
[Result "1/2-1/2"]
[WhiteElo "1014"]
[BlackElo "1027"]
[PlyCount "103"]
[EventDate "2013.02.28"]
[EventType "tourn (corr)"]
[EventRounds "6"]
[EventCountry "GER"]
[SourceTitle "Telechess CBM 159"]
[Source "ChessBase"]
[SourceDate "2014.03.17"]
[SourceVersion "1"]
[SourceVersionDate "2014.03.17"]
[SourceQuality "1"]

1. e4 g6 2. d4 Bg7 3. Nf3 d6 4. Bc4 e6 5. 0-0 Ne7 6. Bg5 f6 7. Bd2 d5 8. exd5 exd5 9. Bb3 c6 10. c4 Be6 11. cxd5 Bxd5 12. Bxd5 Nxd5 13. Re1+ Kf7 14. Qb3 Qb6 15. Qc2 Nd7 16. Nc3 Rhe8 17. Ne4 Qc7 18. Qb3 N7b6 19. Nc5 Rxe1+ 20. Rxe1 Re8 21. Rxe8 Kxe8 22. Qd3 Kf7 23. b4 Nd7 24. Qe4 Nf8 25. g3 b6 26. Nd3 Qe7 27. Qxe7+ Kxe7 28. Kg2 Ne6 29. Kf1 f5 30. Nde5 Nxd4 31. Nxd4 Bxe5 32. Nxc6+ Kd6 33. Nxa7 Nc7 34. a4 Bd4 35. Nc8+ Kc6 36. Ne7+ Kd7 37. Ng8 Nd5 38. a5 bxa5 39. bxa5 Kc6 40. Ke2 Kb5 41. Nh6 Bc3 42. Nf7 Bxd2 43. Kxd2 Kxa5 44. Ng5 Nf6 45. Kd3 h6 46. Nf7 Ng4 47. f4 Nxh2 48. Nxh6 Nf1 49. g4 Ng3 50. gxf5 gxf5 51. Kd4 Nh5 52. Ke5 1/2-1/2

[Event "BI-2012-F-00022"]
[Site "LSS email"]
[Date "2013.02.15"]
[Round "?"]
[White "Cabrera Trujillo, Claudio Tomas"]
[Black "Leonov, Aleksandr"]
[Result "1-0"]
[WhiteElo "1013"]
[BlackElo "1037"]
[PlyCount "57"]
[EventDate "2013.02.20"]
[EventType "tourn (corr)"]
[EventRounds "10"]
[EventCountry "GER"]
[SourceTitle "Telechess CBM 161"]
[Source "ChessBase"]
[SourceDate "2014.07.16"]
[SourceVersion "1"]
[SourceVersionDate "2014.07.16"]
[SourceQuality "1"]

1. Nf3 d6 2. d4 e6 3. c4 Nc6 4. Nc3 Nf6 5. e4 Be7 6. Be2 0-0 7. d5 exd5 8. cxd5 Ne5 9. h3 Bd7 10. Be3 Nxf3+ 11. Bxf3 c6 12. 0-0 cxd5 13. Nxd5 Nxd5 14. exd5 Bg5 15. Qb3 b6 16. Rac1 Bxe3 17. Qxe3 Rc8 18. Qa3 Rxc1 19. Rxc1 Qg5 20. Rc7 Bxh3 21. Qxd6 Bc8 22. Rxa7 Qc1+ 23. Kh2 f6 24. Rc7 Qh6+ 25. Kg1 Qd2 26. Qe7 Qg5 27. d6 Bf5 28. d7 Bxd7 29. Qxd7 1-0

[Event "LSS No Engine Cup 82 Preliminary 3"]
[Site "LSS email"]
[Date "2013.02.15"]
[Round "?"]
[White "Leonov, Aleksandr"]
[Black "Herzog, Klaus"]
[Result "0-1"]
[WhiteElo "1037"]
[BlackElo "1855"]
[PlyCount "56"]
[EventDate "2013.02.16"]
[EventType "tourn (corr)"]
[EventRounds "6"]
[EventCountry "GER"]
[SourceTitle "Telechess CBM 159"]
[Source "ChessBase"]
[SourceDate "2014.03.17"]
[SourceVersion "1"]
[SourceVersionDate "2014.03.17"]
[SourceQuality "1"]

1. e4 e5 2. Nf3 Nc6 3. Bc4 Bc5 4. d3 Nf6 5. Nc3 d6 6. Bg5 Be6 7. Bxe6 fxe6 8. 0-0 0-0 9. a3 a6 10. b4 Ba7 11. Ne2 Qe8 12. Ng3 Nd4 13. c3 Nxf3+ 14. Qxf3 Qg6 15. Bxf6 Rxf6 16. Qe2 Raf8 17. Nh1 Rf3 18. Rad1 R8f4 19. d4 Rxc3 20. Rd3 Rxd3 21. Qxd3 Bxd4 22. g3 Rxe4 23. Kg2 d5 24. f3 Re3 25. Qxg6 hxg6 26. Rc1 c6 27. a4 Re2+ 28. Kh3 Rb2 0-1

[Event "BI-2012-F-00022"]
[Site "LSS email"]
[Date "2013.02.15"]
[Round "?"]
[White "Leonov, Aleksandr"]
[Black "Lonyuk, Bohdan"]
[Result "1-0"]
[WhiteElo "1037"]
[BlackElo "1098"]
[PlyCount "47"]
[EventDate "2013.02.20"]
[EventType "tourn (corr)"]
[EventRounds "10"]
[EventCountry "GER"]
[SourceTitle "Telechess CBM 161"]
[Source "ChessBase"]
[SourceDate "2014.07.16"]
[SourceVersion "1"]
[SourceVersionDate "2014.07.16"]
[SourceQuality "1"]

1. e4 e5 2. Nf3 Nc6 3. Bc4 Bc5 4. d3 Nf6 5. Nc3 d6 6. Bg5 h6 7. Bxf6 Qxf6 8. Nd5 Qd8 9. 0-0 a6 10. a3 Ba7 11. b4 Bg4 12. Ne3 Bh5 13. Nf5 0-0 14. Ng3 Bg6 15. Qd2 Kh8 16. c3 f5 17. exf5 Bxf5 18. Nxf5 Rxf5 19. Bd5 Qd7 20. Nh4 Rf6 21. Kh1 Raf8 22. Rae1 Rxf2 23. Rxf2 Bxf2 24. Ng6+ 1-0

[Event "LSS No Engine Cup 82 Preliminary 3"]
[Site "LSS email"]
[Date "2013.02.15"]
[Round "?"]
[White "Leonov, Aleksandr"]
[Black "Youngs, Russell"]
[Result "0-1"]
[WhiteElo "1037"]
[BlackElo "896"]
[PlyCount "56"]
[EventDate "2013.02.16"]
[EventType "tourn (corr)"]
[EventRounds "6"]
[EventCountry "GER"]
[SourceTitle "Telechess CBM 159"]
[Source "ChessBase"]
[SourceDate "2014.03.17"]
[SourceVersion "1"]
[SourceVersionDate "2014.03.17"]
[SourceQuality "1"]

1. e4 e5 2. Nf3 Nc6 3. Bc4 Nf6 4. Ng5 d5 5. exd5 Nxd5 6. d3 Be7 7. Bxd5 Qxd5 8. 0-0 0-0 9. Nc3 Qd7 10. Qh5 Qf5 11. Nce4 f6 12. h4 fxg5 13. hxg5 Nd4 14. Bd2 Nxc2 15. Rac1 Nd4 16. Rxc7 Nc6 17. a3 Bd8 18. Nd6 Qxd3 19. Rxg7+ Kxg7 20. Qh6+ Kg8 21. Nxc8 Qxd2 22. Qe6+ Kh8 23. Nd6 Bxg5 24. Nf7+ Rxf7 25. Qxf7 Qxb2 26. g3 e4 27. Kg2 e3 28. Rh1 h6 0-1

[Event "LSS No Engine Cup 82 Preliminary 3"]
[Site "LSS email"]
[Date "2013.02.15"]
[Round "?"]
[White "Thomas, Gerald K"]
[Black "Leonov, Aleksandr"]
[Result "0-1"]
[WhiteElo "1633"]
[BlackElo "1037"]
[PlyCount "102"]
[EventDate "2013.02.16"]
[EventType "tourn (corr)"]
[EventRounds "6"]
[EventCountry "GER"]
[SourceTitle "Telechess CBM 159"]
[Source "ChessBase"]
[SourceDate "2014.03.17"]
[SourceVersion "1"]
[SourceVersionDate "2014.03.17"]
[SourceQuality "1"]

1. e4 e5 2. Nf3 Nf6 3. Nc3 c6 4. Nxe5 d6 5. Nf3 Bg4 6. h3 Bh5 7. d4 Be7 8. Be2 Bg6 9. Bd3 d5 10. e5 Ne4 11. 0-0 Nxc3 12. bxc3 Bxd3 13. Qxd3 0-0 14. Rb1 Qd7 15. Re1 b6 16. Ng5 Bxg5 17. Bxg5 Qe6 18. Qg3 Nd7 19. Bf4 Qg6 20. Re3 Qxc2 21. Rbe1 Rae8 22. Bh6 Qg6 23. Bf4 Qxg3 24. Rxg3 Re6 25. Ree3 Rfe8 26. Kf1 f6 27. Bh6 g6 28. h4 fxe5 29. dxe5 Nxe5 30. f4 Nf7 31. Rxe6 Rxe6 32. f5 Rf6 33. Bc1 Rxf5+ 34. Rf3 Rxf3+ 35. gxf3 Nd6 36. Bf4 Nf5 37. Bg5 b5 38. Ke2 Kg7 39. Kd3 h6 40. Bd8 Kf7 41. Kc2 Ke6 42. Kb3 Nd6 43. Bc7 Nb7 44. Bf4 h5 45. a4 a6 46. axb5 axb5 47. Bg5 Nd6 48. Kb4 Nf7 49. Be3 Ne5 50. f4 Nd3+ 51. Kb3 Kf5 0-1